| 000 | 00503nam a22001697a 4500 | ||
|---|---|---|---|
| 005 | 20231204124703.0 | ||
| 008 | 231204b |||||||| |||| 00| 0 eng d | ||
| 020 | _a9780409117554 9780409117554 | ||
| 041 | _aEnglish | ||
| 082 | _a349 JOU | ||
| 100 |
_aJoubert, WA _lEnglish |
||
| 245 |
_aThe Law of South Africa / _cWA Joubert |
||
| 260 |
_aDurban : _bLexisNexis, _c2009 |
||
| 300 |
_bxvi, 458 pages ; _c26 cm. |
||
| 650 |
_aLegal practice _bLaw |
||
| 942 |
_cBK _6ALISON_BN_VRIES |
||
| 999 |
_c1108 _d1108 |
||